Southville International School and Colleges
Your cart is empty.
  • Cart
  • Lists
    Public lists Eva Luna New books Lux_list list_1
    Your lists Log in to create your own lists
  • Log in to your account
  • Your cookies
  • Search history
Southville International School and Colleges
  • Advanced search
  • Recent comments
  • Most popular
  • Libraries

Log in to your account

Log in with GOOGLE


If you do not have an external account, but do have a local account, you can still log in:

  1. Home
  2. MARC view: The grolier world atlas (w/CD) /
Normal view MARC view ISBD view

The grolier world atlas (w/CD) / (Record no. 41788)

[ view plain ]
MARC details
000 -LEADER
fixed length control field 00480nam a2200181Ia 4500
003 - CONTROL NUMBER IDENTIFIER
control field OSt
005 - DATE AND TIME OF LATEST TRANSACTION
control field 20140325143151.0
008 - FIXED-LENGTH DATA ELEMENTS--GENERAL INFORMATION
fixed length control field 140130s9999 xx 000 0 und d
020 ## - INTERNATIONAL STANDARD BOOK NUMBER
International Standard Book Number 075341080X
050 ## - LIBRARY OF CONGRESS CALL NUMBER
Classification number REF 523.8022
Item number G875 2003
100 ## - MAIN ENTRY--PERSONAL NAME
Personal name Wilkilson, Philip
245 ## - TITLE STATEMENT
Statement of responsibility, etc Philip Wilkilson
Title The grolier world atlas (w/CD) /
260 ## - PUBLICATION, DISTRIBUTION, ETC. (IMPRINT)
Name of publisher, distributor, etc Scholastic,
Date of publication, distribution, etc 2003.
Place of publication, distribution, etc Singapore :
300 ## - PHYSICAL DESCRIPTION
Extent 128 p. :
Other physical details col. ill. ;
Dimensions 28 cm.
440 ## - SERIES STATEMENT/ADDED ENTRY--TITLE
Volume number/sequential designation 1
942 ## - ADDED ENTRY ELEMENTS (KOHA)
Koha item type Books
Source of classification or shelving scheme Library of Congress Classification
Holdings
Withdrawn status Lost status Source of classification or shelving scheme Damaged status Home library Current library Shelving location Date acquired Total Checkouts Full call number Barcode Date last seen Copy number Price effective from Koha item type
    Library of Congress Classification   Munich Library Munich Library Reference Section 01/30/2014   REF 523.8022 G875 2003 MU1702 01/30/2014 1 01/30/2014 Books

The grolier world atlas (w/CD) /

APA

Wilkilson P., . (2003). The grolier world atlas (w/CD). Singapore: Scholastic.

Chicago

Wilkilson Philip, . 2003. The grolier world atlas (w/CD). Singapore: Scholastic.

Harvard

Wilkilson P., . (2003). The grolier world atlas (w/CD). Singapore: Scholastic.

MLA

Wilkilson Philip, . The grolier world atlas (w/CD). Singapore: Scholastic. 2003.

  • Place hold
  • Print
  • Cite
  • Add to your cart (remove)
  • Save record
    BIBTEX Dublin Core MARCXML MARC (non-Unicode/MARC-8) MARC (Unicode/UTF-8) MARC (Unicode/UTF-8, Standard) MODS (XML) RIS
  • More searches
    Search for this title in:
    Other Libraries (WorldCat) Other Databases (Google Scholar) Online Stores (Bookfinder.com) Open Library (openlibrary.org)

Exporting to Dublin Core...

SOUTHVILLE LIBRARY

Southville International School and Colleges Library

1281 Tropical Ave. Cor. Luxembourg St., BF Homes International, Las Pinas City

Tel. No. 8256374 / 252358 Loc. 117/146

Powered by Koha